Paroles - Travesti - Starmania - Statistiques

Statistiques générales
  • Ce quiz a été pris 32 fois
  • Le résultat moyen est 197 sur 242
Statistiques - réponses
Answerallure ! % Correct
suis
100%
un
100%
je
96%
Je
96%
pas
96%
travesti
96%
Travesti
96%
Travesti !
96%
De
93%
de
93%
la
93%
ma
93%
cette
89%
Cette
89%
comme
89%
dans
89%
en
89%
femme,
89%
femme
89%
hommes
89%
le
89%
marche
89%
me
89%
Me
89%
moi
89%
on
89%
qui
89%
rue
89%
une
89%
vous
89%
Vous
89%
avec
85%
C'est
85%
les
85%
plus
85%
pour
85%
Pour
85%
Quand
85%
voit
85%
vos
85%
bleu
81%
du
81%
mes
81%
n'en
81%
nuits
81%
allure !
78%
amours
78%
chevelure !
78%
chevelure
78%
d'un
78%
Est-ce
78%
femmes
78%
futur ?
78%
J'entends
78%
murmurent
78%
n'suis
78%
quelle
78%
star
78%
tout
78%
voulez
78%
azure
74%
dormir
74%
Madame
74%
Regardez
74%
Sans
74%
sans
74%
savoir
74%
Si
74%
âme
70%
bras
70%
étoile
70%
personnifiée
70%
quitteriez
70%
Regardez-moi
70%
c'que
67%
déçus
67%
jours
67%
M'appelez
67%
Messieurs
67%
nue
67%
sous
67%
toute
67%
vendriez
67%
violence
67%
votre
67%
Votre
67%
déconfiture ?
63%
découvrir
63%
nature
63%
partir
63%
rêves
63%
toutes
63%
vies
63%
voir
63%
vraie
63%
corps
59%
coutures
59%
n'seriez
56%
pensez
52%
pouviez
48%
âmes
44%
démystifié
44%
désirs
44%
sexe
44%
blessés
41%
drames
41%
secrets
37%
envolée
33%
jeunesse
33%
étouffées
30%
haines
22%
Aucun quiz correspondant
Distribution des résultats
% des personnes avec chaque résultat
Percentile par nombre de réponses
Votre historique - résultats
Vous n’avez pas pris ce quiz